Monetary reconstruction in Italy.

Bibliographic Details
Main Author: Foa, Bruno
Corporate Author: Carnegie Endowment for International Peace
Format: Book
Language:English
Published: New York : Pub. for the Carnegie Endowment for International Peace by King's Crown Press, 1949.
Subjects:

MARC

Tag First Indicator Second Indicator Subfields
LEADER 00000cam a2200000 4500
001 in00000057311
005 20151008051459.0
008 751110s1949 nyu 00000 eng
010 |a  49008018  
035 |a (OCoLC)01821642 
035 |9 AAG8183AM 
040 |a DLC  |c AKR  |d TXA  |d UtOrBLW 
049 |a TXAM  |c [167091] 
050 0 |a HG1029  |b .F6 1949 
082 0 |a 332.4945 
092 |a 332.4945  |b F649m 
100 1 |a Foa, Bruno. 
245 1 0 |a Monetary reconstruction in Italy. 
264 1 |a New York :  |b Pub. for the Carnegie Endowment for International Peace by King's Crown Press,  |c 1949. 
300 |a x, 147 pages ;  |c 23 cm. 
336 |a text  |b txt  |2 rdacontent 
337 |a unmediated  |b n  |2 rdamedia 
338 |a volume  |b nc  |2 rdacarrier 
650 0 |a Currency question  |z Italy. 
651 0 |a Italy  |x Economic policy. 
710 2 |a Carnegie Endowment for International Peace. 
999 |a MARS 
999 f f |s 59d6ec3d-ad13-399a-be55-b49949056a1d  |i 70c08599-d670-35b6-9936-47fbe1bb5e67  |t 0 
952 f f |p ric  |a Texas A&M University  |b Rellis Campus  |c Joint Library Facility  |d Remote Storage  |t 0  |e HG1029 .F6 1949  |h Library of Congress classification  |i unmediated -- volume  |m A14800734850 
998 f f |a HG1029 .F6 1949  |t 0  |l Remote Storage